Statistics for LEGO Ninjago: Weapons

Click here to take the quiz!

General Stats

  • This quiz has been taken 268 times
  • The average score is 12 of 42

Answer Stats

HintWeapon% Correct
4Golden Weapon #4Sword of Fire
82%
31Stone Warrior Weapon #4Shuriken
77%
36Ghost Weapon #2Scythe
72%
8Pilot Episode Ninja Weapon #3Nunchucks
70%
6Pilot Episode Ninja Weapon #1Shurikens
66%
3Golden Weapon #3Shurikens of Ice
62%
1Golden Weapon #1Scythe of Quakes
58%
2Golden Weapon #2Nunchucks of Lightning
57%
9Pilot Episode Ninja Weapon #4Katana
44%
32Nindroid Weapon #1Katana
44%
29Stone Warrior Weapon #2Katana
44%
12Season 3 WeaponsTechno Blades
41%
5Golden Weapon #5Mega Weapon
40%
25Can Awaken The Great DevourerFangblades
39%
13Green Blades in the ToEJadeblades
39%
26Chen's "Weapon"Staff of Elements
33%
27Overlord/Garmadon's TankGarmatron
32%
15Sword that sees the Enemies Next MovesSword of Sanctuary
32%
37Ghost Weapon #3Bow
31%
14Frisbees that Kill GhostsAeroblades
29%
11Season 2 WeaponsElemental Blades
28%
24Anacondrai General's "Weapon"Anacondrai Staff
24%
22Venomari General's "Weapon"Venomari Staff
24%
23Constrictai General's "Weapon"Constrictai Staff
23%
21Fangpyre General's "Weapon"Fangpyre Staff
23%
20Hypnobrai General's "Weapon"Hypnobrai Staff
23%
30Stone Warrior Weapon #3Crossbow
12%
39Sky Pirates Weapon #1Djinn Blade
11%
16Swords used by Anacondrai WarriorsAnacondrai Blades
10%
10Sensei Wu's StickNin-Jô
10%
42Sky Pirates Weapon #4Nin-Jô
10%
40Sky Pirates Weapon #2Flintlock
9%
34Nindroid Weapon #3Blaster
7%
19Ninjago Movie Cole's WeaponCole's Hammer
7%
18Ninjago Movie Jay's WeaponJay's Flail
6%
17Ninjago Movie Lloyd's WeaponLloyd's Sword
6%
28Stone Warrior Weapon #1Butterfly Sword
5%
41Sky Pirates Weapon #3Cutlass
4%
7Pilot Episode Ninja Weapon #2Schyte
4%
35Ghost Weapon #1Twin Daggers
3%
38Ghost Weapon #4Double Bladed Dagger
2%
33Nindroid Weapon #2Saw Blade
2%

Score Distribution

Percentile by Number Answered

Percent of People with Each Score

Your Score History

You have not taken this quiz